000 01184pam a2200337 a 4500
999 _c16867
_d16867
001 013823424
003 EG-ScBUE
005 20201031100205.0
008 070820s2007 enkaf f 001 0aeng d
020 _a9780141189291
020 _a978014118929
040 _aEG-ScBUE
_beng
_erda
_cEG-ScBUE
_dEG-ScBUE
082 0 4 _a812.54
_bWIL
_222
100 1 _aWilliams, Tennessee,
_d1911-1983,
_eauthor.
_930589
245 1 0 _aMemoirs /
_cTennessee Williams ; introduction by John Waters.
264 1 _aLondon, England :
_bPenguin Books,
_c2007.
300 _axvii, 274 p., [64] pages of plates :
_billustrations ;
_c20 cm.
336 _2rdacontent
_atext
_btxt
337 _2rdamedia
_aunmediated
_bn
338 _2rdacarrier
_avolume
_bnc
490 0 _aModern classics
500 _aOriginally published: Garden City, N.Y.: Doubleday, 1975; London: W.H. Allen, 1976.
500 _aIncludes index.
600 1 0 _aWilliams, Tennessee,
_d1911-1983.
_930591
650 7 _aDramatists, American
_y20th century
_vBiography.
_930592
_2BUEsh
651 _2BUEsh
653 _cJuly2012
_bGGEN
655 _vReading book
_934232
942 _2ddc
_cBB